1719 1100 1672 1428 1439 1699 1888 1996 1668 1422 1702 1892 1395 1333 1359 1387 1502 1607 1595 1039 1054 1573 1838 1594 1065 1906 1973 1171 1551 1940 1705 1988 1814 1381 1629 1442 1158 1626 1583 1502 1235 1415 1205 1576 1090 1665 1842 1002 1246 1062 1804 1559 1520 1959 1404 1752 1869 1848 1753 1830 1938 1639 1146 1434 1024 1268 1002 1791 1012 1625 1210 1056 1543 1152 1327 1138 1476 1044 1418 1014 1976 1272 1110 1499 1813 1539 1501 1102 1498 1338 1236 1090 1253 1335 1612 1114 1633 1565 1450 BCNSPRNW ULIB Ver.6.0+V

เปลี่ยนเป็นภาษาไทย

Change to English
 แสดงรายละเอียดบรรณานุกรม
  กลับหน้าหลัก

Brief Record : Get Marc (ISO 2709) : E-mail record : QR code < ปิดหน้าต่าง
LEADER : 00000nam 2200000uu 4500
001    13399109092
003     ULIB
008    110321s2550||||th 000 0 tha d
020    9789748506692
060 04 WA292^bน287ค 2550
100 0  นลินี ปัญญาวโรภาส
245 10 คู่มือปฐมพยาบาลเบื้องต้นด้วยตัวเอง /^cนลินี ปัญญาวโรภาส,บรรณาธิการ, ศิริวรรณ ช้างพลาย
246 14 ปฐมพยาบาลเบื้องต้นช่วยชีวิต
260    กรุงเทพฯ :^bเอ็ดดูเคชั่น ไมน์ด ไลน์ มัลติมีเดีย,^c2550
300    264 หน้า :^bภาพประกอบ ;^c21 ซม.
650  7 การช่วยให้ฟื้น
650  7 ปฐมพยาบาล
650  7 ผู้ป่วยหนัก, การดูแล
650  7 ภาวะฉุกเฉิน
650  7 อุบัติเหตุ
700 0  ศิริวรรณ ช้างพลาย,^eบรรณาธิการ
945    ^p195^l0^i021622
945    ^p195^l0^i021620
945    ^p195^l0^i021619
945    ^p195^l0^i021618
945    ^p195^l0^i021617
945    ^p195^l0^i021621
945    ^p195^l0^i021616
945    ^p195^l0^i024349
995    ทศพร
999 ^a ใช้งานได้ทุกระบบ
รายการนี้ยังไม่มีแท็ก
คุณยังไม่ได้ล็อกอิน คุณสามารถมีกิจกรรมร่วมกับเว็บไซต์ได้ แต่ต้องล็อกอินก่อน ::
  ล็อกอิน

รายการสื่อสารสนเทศ

ลำดับที่ ประเภท เลขเรียก/บาร์โค้ด สถานที่ สถานะ
1. วิทยาศาสตร์การแพทย์ และสุขภาพ
วิทยาศาสตร์การแพทย์ และสุขภาพ
WA292 น287ค 2550 ฉ.8 
  Barcode: 024349
ห้องสมุดวิทยาเขตสวรรค์ประชารักษ์
►หนังสือทั่วไป
บนชั้น

รายการใกล้เคียง
    ผู้แต่ง [นลินี ปัญญาวโรภาส]

    หัวเรื่อง [การช่วยให้ฟื้น]
    หัวเรื่อง [ปฐมพยาบาล]
    หัวเรื่อง [ผู้ป่วยหนัก, การดูแล]
    หัวเรื่อง [ภาวะฉุกเฉิน]
    หัวเรื่อง [อุบัติเหตุ]

BibComment


ยังไม่เคยถูกคอมเมนท์

คอมเมนท์ทรัพยากรรายการนี้
  คอมเมนท์: คู่มือปฐมพยาบาลเบ..


 Copyright 2026. Bcnsprnw @Library